[Event "Team Championship (men rapid)"]
[Site "Sochi"]
[Date "2017.10.03"]
[Round "1.11"]
[White "Popov, Ivan"]
[Black "Gubsky, Egor"]
[Result "1/2-1/2"]
[LiveChessVersion "1.4.8"]
[BlackElo "2319"]
[WhiteElo "2674"]

1. e4 {[%clk 0:15:04]} c5 {[%clk 0:15:19]} 2. Nf3 {[%clk 0:15:12]} Nc6
{[%clk 0:15:27]} 3. Bb5 {[%clk 0:15:18]} e6 {[%clk 0:15:35]} 4. Bxc6
{[%clk 0:15:26]} bxc6 {[%clk 0:15:43]} 5. b3 {[%clk 0:15:35]} Ne7
{[%clk 0:15:49]} 6. Bb2 {[%clk 0:15:44]} f6 {[%clk 0:15:54]} 7. Nh4
{[%clk 0:15:52]} d6 {[%clk 0:16:00]} 8. f4 {[%clk 0:15:49]} e5 {[%clk 0:16:08]}
9. O-O {[%clk 0:15:56]} Be6 {[%clk 0:16:16]} 10. d3 {[%clk 0:15:58]} exf4
{[%clk 0:15:46]} 11. Rxf4 {[%clk 0:16:05]} Ng6 {[%clk 0:15:33]} 12. Qh5
{[%clk 0:15:16]} Bf7 {[%clk 0:15:32]} 13. Nxg6 {[%clk 0:13:56]} Bxg6
{[%clk 0:15:40]} 14. Qh3 {[%clk 0:12:13]} Be7 {[%clk 0:14:30]} 15. Nd2
{[%clk 0:12:14]} Qd7 {[%clk 0:14:11]} 16. Qg3 {[%clk 0:12:17]} O-O
{[%clk 0:14:08]} 17. Nf3 {[%clk 0:12:01]} d5 {[%clk 0:07:11]} 18. e5
{[%clk 0:12:03]} d4 {[%clk 0:06:38]} 19. Nh4 {[%clk 0:10:33]} Bh5
{[%clk 0:04:51]} 20. Nf5 {[%clk 0:08:50]} Bg6 {[%clk 0:04:54]} 21. Nh4
{[%clk 0:06:55]} Bh5 {[%clk 0:05:02]} 22. Rf5 {[%clk 0:06:47]} Be8
{[%clk 0:04:42]} 23. Raf1 {[%clk 0:06:14]} fxe5 {[%clk 0:04:40]} 24. Rxf8+
{[%clk 0:06:05]} Bxf8 {[%clk 0:04:49]} 25. Qxe5 {[%clk 0:06:06]} Bf7
{[%clk 0:04:49]} 26. Bc1 {[%clk 0:04:46]} Re8 {[%clk 0:04:57]} 27. Qg3
{[%clk 0:04:55]} Re2 {[%clk 0:04:59]} 28. Nf5 {[%clk 0:04:52]} Kh8
{[%clk 0:02:32]} 29. Bg5 {[%clk 0:04:25]} h6 {[%clk 0:01:58]} 30. Qf3
{[%clk 0:00:26]} Rxc2 {[%clk 0:01:53]} 31. Ng3 {[%clk 0:00:21]} Kg8
{[%clk 0:01:02]} 32. Ne4 {[%clk 0:00:30]} hxg5 {[%clk 0:00:38]} 33. Nxg5
{[%clk 0:00:39]} Qd5 {[%clk 0:00:34]} 34. Qxf7+ {[%clk 0:00:35]} Qxf7
{[%clk 0:00:42]} 35. Rxf7 {[%clk 0:00:44]} Rxa2 {[%clk 0:00:20]} 36. Rc7
{[%clk 0:00:51]} Re2 {[%clk 0:00:14]} 37. Rxc6 {[%clk 0:00:37]} Re3
{[%clk 0:00:17]} 38. Rc8 {[%clk 0:00:35]} g6 {[%clk 0:00:22]} 39. h4
{[%clk 0:00:44]} Kg7 {[%clk 0:00:23]} 40. Rc7+ {[%clk 0:00:51]} Kg8
{[%clk 0:00:32]} 41. Ne4 {[%clk 0:00:54]} Kh8 {[%clk 0:00:18]} 42. g4
{[%clk 0:00:33]} Bg7 {[%clk 0:00:20]} 43. g5 {[%clk 0:00:18]} Rxd3
{[%clk 0:00:23]} 44. Rxc5 {[%clk 0:00:13]} Rxb3 {[%clk 0:00:26]} 45. Rc8+
{[%clk 0:00:20]} Kh7 {[%clk 0:00:35]} 46. Rc7 {[%clk 0:00:29]} Rb8
{[%clk 0:00:21]} 47. Rxa7 {[%clk 0:00:27]} Rd8 {[%clk 0:00:29]} 48. Kf2
{[%clk 0:00:23]} Kh8 {[%clk 0:00:33]} 49. Ke2 {[%clk 0:00:26]} d3+
{[%clk 0:00:40]} 50. Kd2 {[%clk 0:00:34]} Be5 {[%clk 0:00:45]} 51. Nf6
{[%clk 0:00:15]} Bxf6 {[%clk 0:00:42]} 52. gxf6 {[%clk 0:00:24]} Rf8
{[%clk 0:00:43]} 53. Ra6 {[%clk 0:00:32]} Rd8 {[%clk 0:00:44]} 54. Re6
{[%clk 0:00:27]} Kg8 {[%clk 0:00:46]} 55. Re7 {[%clk 0:00:36]} Rd6
{[%clk 0:00:51]} 56. Rg7+ {[%clk 0:00:36]} Kf8 {[%clk 0:01:00]} 57. Rxg6
{[%clk 0:00:45]} Kf7 {[%clk 0:01:10]} 58. h5 {[%clk 0:00:54]} Rxf6
{[%clk 0:01:17]} 59. Rxf6+ {[%clk 0:01:03]} Kxf6 {[%clk 0:01:26]} 60. Kxd3
{[%clk 0:01:12]} Kg5 {[%clk 0:01:35]} 1/2-1/2

[Event "Team Championship (men rapid)"]
[Site "Sochi"]
[Date "2017.10.03"]
[Round "1.12"]
[White "Kamrukov, Alexey"]
[Black "Potkin, Vladimir"]
[Result "0-1"]
[LiveChessVersion "1.4.8"]
[BlackElo "2650"]
[WhiteElo "2117"]

1. d4 {[%clk 0:15:17]} d5 {[%clk 0:15:15]} 2. c4 {[%clk 0:15:26]} e6
{[%clk 0:15:21]} 3. Nc3 {[%clk 0:15:33]} c5 {[%clk 0:15:26]} 4. e3
{[%clk 0:15:36]} Nf6 {[%clk 0:15:34]} 5. dxc5 {[%clk 0:15:34]} Bxc5
{[%clk 0:15:42]} 6. cxd5 {[%clk 0:15:42]} exd5 {[%clk 0:15:50]} 7. Nf3
{[%clk 0:15:48]} O-O {[%clk 0:15:56]} 8. Be2 {[%clk 0:15:52]} Nc6
{[%clk 0:16:04]} 9. O-O {[%clk 0:15:57]} Re8 {[%clk 0:16:10]} 10. Nb5
{[%clk 0:15:27]} Ne4 {[%clk 0:16:12]} 11. Nbd4 {[%clk 0:14:59]} Bg4
{[%clk 0:14:47]} 12. Nxc6 {[%clk 0:13:40]} bxc6 {[%clk 0:14:55]} 13. Qc2
{[%clk 0:13:45]} Qf6 {[%clk 0:13:21]} 14. Rb1 {[%clk 0:09:50]} Bd6
{[%clk 0:13:09]} 15. Nd4 {[%clk 0:07:43]} Bxe2 {[%clk 0:11:37]} 16. Nxe2
{[%clk 0:06:53]} c5 {[%clk 0:10:38]} 17. b3 {[%clk 0:05:43]} d4 {[%clk 0:07:29]}
18. exd4 {[%clk 0:02:54]} cxd4 {[%clk 0:07:38]} 19. Bb2 {[%clk 0:02:08]} Rac8
{[%clk 0:06:17]} 20. Qd1 {[%clk 0:01:51]} Nc3 {[%clk 0:06:03]} 21. Bxc3
{[%clk 0:01:03]} dxc3 {[%clk 0:06:11]} 22. Qc2 {[%clk 0:01:12]} h5
{[%clk 0:04:40]} 23. g3 {[%clk 0:00:41]} h4 {[%clk 0:04:30]} 24. Rbd1
{[%clk 0:00:21]} h3 {[%clk 0:04:03]} 25. Rd3 {[%clk 0:00:13]} Rxe2
{[%clk 0:02:37]} 26. Qxe2 {[%clk 0:00:22]} c2 {[%clk 0:02:46]} 27. Qd2
{[%clk 0:00:13]} Ba3 {[%clk 0:02:42]} 28. Rd4 {[%clk 0:00:15]} c1=Q
{[%clk 0:02:41]} 0-1

[Event "Team Championship (men rapid)"]
[Site "Sochi"]
[Date "2017.10.03"]
[Round "1.13"]
[White "Novikov, Konstantin"]
[Black "Dubov, Daniil"]
[Result "0-1"]
[LiveChessVersion "1.4.8"]
[BlackElo "2710"]
[WhiteElo "2302"]

1. e4 {[%clk 0:15:18]} g6 {[%clk 0:15:17]} 2. d4 {[%clk 0:15:23]} d6
{[%clk 0:15:25]} 3. Nc3 {[%clk 0:15:26]} Bg7 {[%clk 0:15:32]} 4. Be3
{[%clk 0:15:12]} a6 {[%clk 0:15:41]} 5. h4 {[%clk 0:15:04]} Nf6 {[%clk 0:15:47]}
6. Be2 {[%clk 0:15:11]} h5 {[%clk 0:15:29]} 7. Bf3 {[%clk 0:13:55]} Nc6
{[%clk 0:15:15]} 8. Qd2 {[%clk 0:13:11]} e5 {[%clk 0:14:46]} 9. Nge2
{[%clk 0:12:54]} exd4 {[%clk 0:14:51]} 10. Nxd4 {[%clk 0:12:58]} Ne5
{[%clk 0:15:00]} 11. Be2 {[%clk 0:11:48]} c6 {[%clk 0:13:59]} 12. O-O-O
{[%clk 0:11:16]} O-O {[%clk 0:13:52]} 13. Nf3 {[%clk 0:10:59]} Nfg4
{[%clk 0:11:59]} 14. Nxe5 {[%clk 0:10:25]} Nxe3 {[%clk 0:11:19]} 15. Qxe3
{[%clk 0:10:32]} Bxe5 {[%clk 0:11:25]} 16. f4 {[%clk 0:10:06]} Bg7
{[%clk 0:11:17]} 17. g4 {[%clk 0:09:24]} Bxg4 {[%clk 0:10:58]} 18. Bxg4
{[%clk 0:09:26]} hxg4 {[%clk 0:11:07]} 19. h5 {[%clk 0:09:25]} Qe7
{[%clk 0:08:16]} 20. hxg6 {[%clk 0:07:53]} fxg6 {[%clk 0:07:50]} 21. Rdg1
{[%clk 0:07:21]} g5 {[%clk 0:07:37]} 22. Rxg4 {[%clk 0:04:40]} Rxf4
{[%clk 0:07:43]} 23. Rxf4 {[%clk 0:04:14]} gxf4 {[%clk 0:07:49]} 24. Qxf4
{[%clk 0:04:16]} Rf8 {[%clk 0:07:47]} 25. Qg4 {[%clk 0:03:35]} Qe5
{[%clk 0:07:38]} 26. Kb1 {[%clk 0:02:44]} b5 {[%clk 0:06:48]} 27. Qh3
{[%clk 0:02:20]} b4 {[%clk 0:06:05]} 28. Qh7+ {[%clk 0:02:14]} Kf7
{[%clk 0:06:13]} 29. Nd1 {[%clk 0:02:23]} Ke7 {[%clk 0:05:48]} 30. Qh4+
{[%clk 0:02:10]} Kd7 {[%clk 0:04:55]} 31. Qg4+ {[%clk 0:01:20]} Kc7
{[%clk 0:05:03]} 32. Rg1 {[%clk 0:01:10]} Rf7 {[%clk 0:04:52]} 33. c3
{[%clk 0:01:15]} bxc3 {[%clk 0:03:41]} 34. Nxc3 {[%clk 0:01:20]} Kb7
{[%clk 0:03:44]} 35. Qg6 {[%clk 0:01:21]} Qe7 {[%clk 0:03:28]} 36. Rd1
{[%clk 0:00:32]} Be5 {[%clk 0:03:31]} 37. Qg2 {[%clk 0:00:27]} Qe6
{[%clk 0:02:35]} 38. Qc2 {[%clk 0:00:26]} Qc4 {[%clk 0:01:38]} 39. Qd3
{[%clk 0:00:16]} Qb4 {[%clk 0:01:29]} 40. Rd2 {[%clk 0:00:16]} Bxc3
{[%clk 0:01:28]} 41. Qxc3 {[%clk 0:00:11]} Qxe4+ {[%clk 0:01:24]} 42. Qd3
{[%clk 0:00:20]} Rf1+ {[%clk 0:00:52]} 43. Kc2 {[%clk 0:00:28]} Qa4+
{[%clk 0:00:59]} 44. Qb3+ {[%clk 0:00:33]} Qxb3+ {[%clk 0:01:08]} 45. Kxb3
{[%clk 0:00:41]} d5 {[%clk 0:01:09]} 46. Rh2 {[%clk 0:00:31]} Kb6
{[%clk 0:01:12]} 47. Rh8 {[%clk 0:00:31]} Rf3+ {[%clk 0:01:07]} 48. Kc2
{[%clk 0:00:39]} c5 {[%clk 0:01:02]} 49. Rh6+ {[%clk 0:00:36]} Kb5
{[%clk 0:01:09]} 50. a4+ {[%clk 0:00:39]} Kxa4 {[%clk 0:01:04]} 51. Rxa6+
{[%clk 0:00:34]} Kb4 {[%clk 0:01:06]} 52. Ra8 {[%clk 0:00:25]} Rf2+
{[%clk 0:01:13]} 53. Kc1 {[%clk 0:00:22]} d4 {[%clk 0:01:14]} 54. Ra3
{[%clk 0:00:25]} c4 {[%clk 0:01:20]} 55. Ra8 {[%clk 0:00:24]} Rf1+
{[%clk 0:01:13]} 56. Kd2 {[%clk 0:00:26]} Rf2+ {[%clk 0:01:22]} 57. Kc1
{[%clk 0:00:35]} Rf5 {[%clk 0:01:02]} 58. Rb8+ {[%clk 0:00:37]} Rb5
{[%clk 0:01:09]} 59. Ra8 {[%clk 0:00:43]} Rf5 {[%clk 0:00:33]} 60. Rb8+
{[%clk 0:00:51]} Kc5 {[%clk 0:00:41]} 61. Rd8 {[%clk 0:00:56]} Rf2
{[%clk 0:00:43]} 62. Rd7 {[%clk 0:01:02]} d3 {[%clk 0:00:30]} 63. Rd8
{[%clk 0:00:52]} Rc2+ {[%clk 0:00:30]} 64. Kb1 {[%clk 0:01:01]} Rh2
{[%clk 0:00:38]} 65. Kc1 {[%clk 0:01:09]} Rh5 {[%clk 0:00:16]} 66. Kd2
{[%clk 0:01:10]} Kb4 {[%clk 0:00:17]} 67. Rb8+ {[%clk 0:01:00]} Rb5
{[%clk 0:00:25]} 68. Ra8 {[%clk 0:00:46]} Rb6 {[%clk 0:00:33]} 69. Kc1
{[%clk 0:00:49]} Kc5 {[%clk 0:00:39]} 70. Rd8 {[%clk 0:00:48]} Rd6
{[%clk 0:00:47]} 71. Rc8+ {[%clk 0:00:56]} Kd4 {[%clk 0:00:56]} 72. Kd2
{[%clk 0:01:06]} Rd7 {[%clk 0:00:55]} 73. Rh8 {[%clk 0:01:11]} Rb7
{[%clk 0:00:24]} 74. Rd8+ {[%clk 0:01:09]} Kc5 {[%clk 0:00:32]} 75. Rc8+
{[%clk 0:01:12]} Kd5 {[%clk 0:00:37]} 76. Rd8+ {[%clk 0:01:20]} Kc5
{[%clk 0:00:44]} 77. Rc8+ {[%clk 0:01:29]} Kb4 {[%clk 0:00:54]} 78. Kc1
{[%clk 0:01:37]} Kb3 {[%clk 0:00:50]} 79. Ra8 {[%clk 0:01:41]} d2+
{[%clk 0:00:57]} 80. Kxd2 {[%clk 0:01:42]} Kxb2 {[%clk 0:01:05]} 0-1

[Event "Team Championship (men rapid)"]
[Site "Sochi"]
[Date "2017.10.03"]
[Round "1.14"]
[White "Morozevich, Alexander"]
[Black "Novikov, Maxim"]
[Result "1/2-1/2"]
[LiveChessVersion "1.4.8"]
[BlackElo "2481"]
[WhiteElo "2636"]

1. e4 {[%clk 0:15:17]} d6 {[%clk 0:15:19]} 2. Nc3 {[%clk 0:15:21]} c5
{[%clk 0:14:52]} 3. Nf3 {[%clk 0:15:25]} e5 {[%clk 0:15:01]} 4. Bc4
{[%clk 0:15:27]} Be7 {[%clk 0:14:59]} 5. d3 {[%clk 0:15:35]} Nf6 {[%clk 0:15:02]}
6. O-O {[%clk 0:14:44]} O-O {[%clk 0:15:09]} 7. h3 {[%clk 0:14:52]} Nc6
{[%clk 0:15:09]} 8. a3 {[%clk 0:15:00]} Be6 {[%clk 0:15:11]} 9. Ng5
{[%clk 0:14:56]} Qd7 {[%clk 0:14:13]} 10. Nxe6 {[%clk 0:13:35]} fxe6
{[%clk 0:14:21]} 11. Ba2 {[%clk 0:13:43]} Kh8 {[%clk 0:14:23]} 12. Nb1
{[%clk 0:11:59]} d5 {[%clk 0:13:57]} 13. Nd2 {[%clk 0:12:07]} Rad8
{[%clk 0:13:44]} 14. Re1 {[%clk 0:12:01]} b5 {[%clk 0:13:39]} 15. exd5
{[%clk 0:09:52]} exd5 {[%clk 0:13:46]} 16. Nf3 {[%clk 0:10:01]} Bd6
{[%clk 0:13:05]} 17. Bg5 {[%clk 0:09:40]} Bc7 {[%clk 0:12:36]} 18. Nh4
{[%clk 0:06:15]} c4 {[%clk 0:11:49]} 19. c3 {[%clk 0:04:45]} Bb6 {[%clk 0:11:34]}
20. Re2 {[%clk 0:04:48]} cxd3 {[%clk 0:10:14]} 21. Qxd3 e4 22. Qd2
{[%clk 0:03:18]} Ne5 {[%clk 0:07:09]} 23. Rd1 {[%clk 0:03:27]} Nd3
{[%clk 0:06:37]} 24. Be3 {[%clk 0:03:12]} Bc7 {[%clk 0:04:52]} 25. Bb1
{[%clk 0:03:11]} Ne5 {[%clk 0:04:31]} 26. Bc5 {[%clk 0:02:47]} Rg8
{[%clk 0:04:12]} 27. Qg5 {[%clk 0:02:52]} a6 {[%clk 0:03:06]} 28. Bd4
{[%clk 0:02:35]} Nf7 {[%clk 0:02:47]} 29. Qf5 {[%clk 0:02:29]} Qd6
{[%clk 0:02:45]} 30. g3 {[%clk 0:02:38]} Nh6 {[%clk 0:02:43]} 31. Qg5
{[%clk 0:02:44]} Nf7 {[%clk 0:02:36]} 32. Qf5 {[%clk 0:02:25]} Nh6
{[%clk 0:02:44]} 33. Qg5 {[%clk 0:02:24]} Nf7 {[%clk 0:02:52]} 34. Qf5
{[%clk 0:01:56]} Nh6 {[%clk 0:02:49]} 35. Qg5 {[%clk 0:02:05]} Nf7 1/2-1/2

[Event "Team Championship (men rapid)"]
[Site "Sochi"]
[Date "2017.10.03"]
[Round "1.15"]
[White "Shkurkin, Andrey"]
[Black "Savchenko, Boris"]
[Result "0-1"]
[LiveChessVersion "1.4.8"]
[BlackElo "2669"]
[WhiteElo "2067"]

1. d4 {[%clk 0:15:17]} Nf6 {[%clk 0:14:45]} 2. c4 {[%clk 0:15:22]} g6
{[%clk 0:14:54]} 3. Nc3 {[%clk 0:15:30]} d5 {[%clk 0:14:58]} 4. Bg5
{[%clk 0:15:36]} Ne4 {[%clk 0:15:04]} 5. Bh4 {[%clk 0:15:43]} Nxc3
{[%clk 0:15:12]} 6. bxc3 {[%clk 0:15:51]} dxc4 {[%clk 0:15:20]} 7. e3
{[%clk 0:15:59]} Be6 {[%clk 0:15:29]} 8. Be2 {[%clk 0:16:04]} Nd7
{[%clk 0:15:35]} 9. Nf3 {[%clk 0:16:04]} Bg7 {[%clk 0:14:44]} 10. O-O
{[%clk 0:15:22]} Nb6 {[%clk 0:14:36]} 11. a4 {[%clk 0:15:20]} a5 {[%clk 0:14:45]}
12. Qc2 {[%clk 0:15:24]} O-O {[%clk 0:14:05]} 13. Rfb1 {[%clk 0:15:22]} Bd5
{[%clk 0:14:14]} 14. Nd2 {[%clk 0:13:44]} Qd7 {[%clk 0:14:05]} 15. e4
{[%clk 0:13:30]} Bc6 {[%clk 0:14:14]} 16. Rxb6 {[%clk 0:12:56]} cxb6
{[%clk 0:14:22]} 17. Nxc4 {[%clk 0:13:02]} Bxa4 {[%clk 0:10:45]} 18. Rxa4
{[%clk 0:13:08]} b5 {[%clk 0:10:53]} 19. Nb6 {[%clk 0:13:10]} Qd6
{[%clk 0:09:51]} 20. Nxa8 {[%clk 0:12:56]} bxa4 {[%clk 0:09:59]} 21. e5
{[%clk 0:12:59]} Qd8 {[%clk 0:09:55]} 22. Qxa4 {[%clk 0:12:45]} Qxa8
{[%clk 0:10:01]} 23. Bxe7 {[%clk 0:11:03]} Rc8 {[%clk 0:10:09]} 24. d5
{[%clk 0:09:38]} Rxc3 {[%clk 0:05:03]} 25. d6 {[%clk 0:04:41]} Rc1+
{[%clk 0:04:49]} 26. Bf1 {[%clk 0:04:49]} Bf8 {[%clk 0:04:58]} 27. Bxf8
{[%clk 0:02:51]} Qa6 {[%clk 0:04:59]} 28. h3 {[%clk 0:02:11]} Qxf1+
{[%clk 0:04:26]} 29. Kh2 {[%clk 0:02:20]} Qg1+ {[%clk 0:04:32]} 30. Kg3
{[%clk 0:02:27]} Rc3+ {[%clk 0:04:41]} 31. f3 {[%clk 0:01:14]} Qe1+
{[%clk 0:04:27]} 32. Kf4 {[%clk 0:00:46]} Qh4+ {[%clk 0:03:10]} 33. g4
{[%clk 0:00:55]} g5+ {[%clk 0:02:57]} 34. Kf5 {[%clk 0:00:31]} Rxf3+
{[%clk 0:03:04]} 35. Ke4 {[%clk 0:00:40]} Rf4+ {[%clk 0:03:13]} 0-1

[Event "Team Championship (men rapid)"]
[Site "Sochi"]
[Date "2017.10.03"]
[Round "1.16"]
[White "Bocharov, Dmitry"]
[Black "Domogaev, Sergey"]
[Result "1-0"]
[LiveChessVersion "1.4.8"]
[BlackElo "2387"]
[WhiteElo "2580"]

1. c4 {[%clk 0:13:39]} Nf6 {[%clk 0:15:18]} 2. g3 {[%clk 0:13:47]} g6
{[%clk 0:15:27]} 3. Bg2 {[%clk 0:13:55]} Bg7 {[%clk 0:15:36]} 4. Nc3
{[%clk 0:14:02]} O-O {[%clk 0:15:44]} 5. d4 {[%clk 0:14:11]} d6 {[%clk 0:15:51]}
6. Nf3 {[%clk 0:14:19]} Nc6 {[%clk 0:15:59]} 7. O-O {[%clk 0:14:26]} a6
{[%clk 0:16:08]} 8. Re1 {[%clk 0:13:31]} Rb8 {[%clk 0:15:22]} 9. Rb1
{[%clk 0:13:38]} Bf5 {[%clk 0:15:25]} 10. e4 {[%clk 0:13:45]} Bg4
{[%clk 0:15:34]} 11. Be3 {[%clk 0:13:21]} Nd7 {[%clk 0:15:42]} 12. Ne2
{[%clk 0:13:23]} Na5 {[%clk 0:12:01]} 13. b3 {[%clk 0:12:35]} c5 {[%clk 0:12:07]}
14. h3 {[%clk 0:12:43]} Bxf3 {[%clk 0:12:13]} 15. Bxf3 {[%clk 0:12:51]} cxd4
{[%clk 0:12:16]} 16. Nxd4 {[%clk 0:12:58]} Nc6 {[%clk 0:12:23]} 17. Nc2
{[%clk 0:12:41]} b5 {[%clk 0:12:13]} 18. cxb5 {[%clk 0:12:38]} axb5
{[%clk 0:12:22]} 19. Bg2 {[%clk 0:12:23]} b4 {[%clk 0:11:12]} 20. Re2
{[%clk 0:12:11]} Qa5 {[%clk 0:11:05]} 21. Ne1 {[%clk 0:11:21]} Na7
{[%clk 0:11:05]} 22. Bd2 {[%clk 0:10:12]} Nb5 {[%clk 0:09:54]} 23. a4
{[%clk 0:10:19]} Nc3 {[%clk 0:09:01]} 24. Bxc3 {[%clk 0:10:26]} bxc3
{[%clk 0:09:07]} 25. Nd3 {[%clk 0:10:33]} Rfc8 {[%clk 0:08:39]} 26. b4
{[%clk 0:10:39]} Qa6 {[%clk 0:08:42]} 27. b5 {[%clk 0:10:05]} Qb6
{[%clk 0:08:34]} 28. Nb4 {[%clk 0:10:07]} e6 {[%clk 0:08:42]} 29. Ra2
{[%clk 0:10:13]} Nc5 {[%clk 0:07:33]} 30. Qc2 {[%clk 0:09:05]} Ra8
{[%clk 0:06:39]} 31. Nc6 {[%clk 0:08:47]} Kf8 {[%clk 0:04:30]} 32. a5
{[%clk 0:08:14]} Qc7 {[%clk 0:04:39]} 33. e5 {[%clk 0:08:16]} dxe5
{[%clk 0:01:52]} 34. Qxc3 {[%clk 0:08:08]} Qd6 {[%clk 0:02:01]} 35. Rd2
{[%clk 0:07:59]} Na4 {[%clk 0:02:09]} 36. Qc2 {[%clk 0:08:04]} 1-0

[Event "Team Championship (men rapid)"]
[Site "Sochi"]
[Date "2017.10.03"]
[Round "1.17"]
[White "Jakovenko, Dmitry"]
[Black "Tekeyev, Zaur"]
[Result "1-0"]
[LiveChessVersion "1.4.8"]
[BlackElo "2362"]
[WhiteElo "2730"]

1. e4 {[%clk 0:13:51]} c5 {[%clk 0:15:18]} 2. Nf3 {[%clk 0:14:00]} Nc6
{[%clk 0:15:27]} 3. Nc3 {[%clk 0:14:09]} e5 {[%clk 0:15:36]} 4. Bc4
{[%clk 0:14:17]} Be7 {[%clk 0:15:44]} 5. d3 {[%clk 0:14:24]} d6 {[%clk 0:15:52]}
6. O-O {[%clk 0:14:24]} Nf6 {[%clk 0:16:01]} 7. h3 {[%clk 0:14:28]} O-O
{[%clk 0:16:07]} 8. a3 {[%clk 0:14:38]} a6 {[%clk 0:15:21]} 9. Nd5
{[%clk 0:14:37]} Be6 {[%clk 0:14:57]} 10. c3 {[%clk 0:14:32]} Bxd5
{[%clk 0:13:57]} 11. exd5 {[%clk 0:14:39]} Nb8 {[%clk 0:14:04]} 12. a4
{[%clk 0:14:35]} Nbd7 {[%clk 0:13:49]} 13. a5 {[%clk 0:14:15]} Ne8
{[%clk 0:12:48]} 14. b4 {[%clk 0:13:20]} Rc8 {[%clk 0:10:26]} 15. Re1
{[%clk 0:12:47]} Kh8 {[%clk 0:09:38]} 16. bxc5 {[%clk 0:11:40]} Rxc5
{[%clk 0:09:07]} 17. Qb3 {[%clk 0:11:39]} Rxa5 {[%clk 0:08:05]} 18. Rxa5
{[%clk 0:11:45]} Qxa5 {[%clk 0:08:13]} 19. Qxb7 {[%clk 0:11:53]} Nc7
{[%clk 0:07:05]} 20. Bd2 {[%clk 0:11:57]} Qb6 {[%clk 0:01:21]} 21. Rb1
{[%clk 0:11:42]} Qxb7 {[%clk 0:01:29]} 22. Rxb7 {[%clk 0:11:50]} Rc8
{[%clk 0:01:37]} 23. d4 {[%clk 0:09:57]} exd4 {[%clk 0:00:54]} 24. Nxd4
{[%clk 0:09:38]} Nc5 {[%clk 0:00:47]} 25. Ra7 {[%clk 0:09:43]} g6
{[%clk 0:00:40]} 26. Nc6 {[%clk 0:08:52]} Bf8 {[%clk 0:00:49]} 27. Be3
{[%clk 0:08:06]} Ne4 {[%clk 0:00:48]} 28. f3 {[%clk 0:07:48]} Nf6
{[%clk 0:00:14]} 29. Bd4 {[%clk 0:07:49]} Kg7 {[%clk 0:00:23]} 30. g4
{[%clk 0:07:18]} g5 {[%clk 0:00:24]} 31. h4 {[%clk 0:07:25]} h6 {[%clk 0:00:26]}
32. f4 {[%clk 0:07:29]} gxh4 {[%clk 0:00:17]} 33. g5 {[%clk 0:07:37]} hxg5
{[%clk 0:00:26]} 34. fxg5 {[%clk 0:07:45]} Nce8 {[%clk 0:00:35]} 35. Bxa6
{[%clk 0:07:45]} Rc7 {[%clk 0:00:40]} 36. gxf6+ {[%clk 0:07:43]} Kg6
{[%clk 0:00:49]} 37. Ra8 {[%clk 0:07:47]} 1-0

[Event "Team Championship (men rapid)"]
[Site "Sochi"]
[Date "2017.10.03"]
[Round "1.18"]
[White "Nechaev, Oleg"]
[Black "Khismatullin, Denis"]
[Result "0-1"]
[LiveChessVersion "1.4.8"]
[BlackElo "2600"]
[WhiteElo "2361"]

1. d4 {[%clk 0:15:19]} Nf6 {[%clk 0:14:43]} 2. Bg5 {[%clk 0:15:20]} e6
{[%clk 0:14:37]} 3. Nd2 {[%clk 0:15:23]} c5 {[%clk 0:13:48]} 4. e3
{[%clk 0:15:21]} cxd4 {[%clk 0:13:39]} 5. exd4 {[%clk 0:15:28]} Be7
{[%clk 0:13:48]} 6. Ngf3 {[%clk 0:15:31]} b6 {[%clk 0:13:57]} 7. Bd3
{[%clk 0:15:39]} Ba6 {[%clk 0:13:46]} 8. Bxa6 {[%clk 0:15:38]} Nxa6
{[%clk 0:13:55]} 9. O-O {[%clk 0:15:23]} O-O {[%clk 0:13:37]} 10. a4
{[%clk 0:15:02]} Qc7 {[%clk 0:12:39]} 11. c3 {[%clk 0:14:48]} Qb7
{[%clk 0:12:46]} 12. Qe2 {[%clk 0:13:13]} Nc7 {[%clk 0:12:54]} 13. Ne5
{[%clk 0:13:10]} Ncd5 {[%clk 0:11:33]} 14. f4 {[%clk 0:12:42]} d6
{[%clk 0:10:31]} 15. Nd3 {[%clk 0:12:29]} h6 {[%clk 0:09:09]} 16. Bxf6
{[%clk 0:12:29]} Nxf6 {[%clk 0:09:01]} 17. f5 {[%clk 0:11:55]} e5
{[%clk 0:08:57]} 18. Rae1 {[%clk 0:08:54]} Rfe8 {[%clk 0:08:46]} 19. dxe5 dxe5
{[%clk 0:08:53]} 20. Ne4 {[%clk 0:08:19]} Rad8 {[%clk 0:07:06]} 21. Rf3
{[%clk 0:08:06]} Qc6 {[%clk 0:06:23]} 22. Nxf6+ {[%clk 0:06:34]} Bxf6
{[%clk 0:05:54]} 23. Qe4 {[%clk 0:06:42]} Rd5 {[%clk 0:05:14]} 24. c4
{[%clk 0:06:03]} Rd6 {[%clk 0:05:20]} 25. Qxc6 {[%clk 0:05:59]} Rxc6
{[%clk 0:05:29]} 26. Re4 {[%clk 0:06:07]} Be7 {[%clk 0:03:17]} 27. Kf1
{[%clk 0:04:44]} f6 {[%clk 0:03:16]} 28. Ke2 {[%clk 0:04:46]} Rec8
{[%clk 0:03:17]} 29. b3 {[%clk 0:04:28]} a6 {[%clk 0:03:21]} 30. Nf2
{[%clk 0:02:47]} Bc5 {[%clk 0:03:20]} 31. Nd3 {[%clk 0:01:47]} Be7
{[%clk 0:03:07]} 32. Nf2 {[%clk 0:01:55]} b5 {[%clk 0:03:08]} 33. axb5
{[%clk 0:02:03]} axb5 {[%clk 0:03:17]} 34. Rc3 {[%clk 0:01:55]} Ra8
{[%clk 0:02:48]} 35. Nd3 {[%clk 0:01:48]} Ra2+ {[%clk 0:02:05]} 36. Kf3
{[%clk 0:01:56]} g6 {[%clk 0:01:54]} 37. fxg6 {[%clk 0:01:51]} Kg7
{[%clk 0:01:48]} 38. c5 {[%clk 0:01:55]} f5 {[%clk 0:01:40]} 39. Rxe5
{[%clk 0:01:24]} Bf6 {[%clk 0:01:49]} 40. Kf4 {[%clk 0:00:27]} Rxg2
{[%clk 0:01:40]} 41. Kxf5 {[%clk 0:00:14]} Rg5+ {[%clk 0:01:41]} 42. Ke4
{[%clk 0:00:23]} Bxe5 {[%clk 0:01:47]} 43. Nxe5 {[%clk 0:00:22]} Re6
{[%clk 0:01:55]} 44. Kd4 {[%clk 0:00:31]} Rexe5 {[%clk 0:01:59]} 45. b4
{[%clk 0:00:20]} Rd5+ {[%clk 0:01:56]} 46. Ke4 {[%clk 0:00:29]} Rge5+
{[%clk 0:01:58]} 47. Kf4 {[%clk 0:00:38]} 0-1